| 000 | 004900000a22001210004500 | ||
|---|---|---|---|
| 090 |
_aAS _bSeriadas |
||
| 245 | 1 | 0 | _aEndemismo y otras singularidades de la Sierra Nevada de Santa Marta, Colombia. Posibles causas de origen y necesidad de conservarlos |
| 041 | 0 | _aEspañol | |
| 700 | 1 |
_aLozano Contreras, Gustavo _920520 |
|
| 100 | 1 |
_aCarbonó, Eduino _996724 |
|
| 942 | _cARTICULO | ||
| 773 | 1 |
_tRevista de la Academia Colombiana de Ciencias Exactas, Fisicas y Naturales _332 _h81 _q409-419 _d1997 _g21 |
|
| 999 |
_c14053 _d14053 |
||